| 000 | 01662nam a2200445 c 4500 | ||
|---|---|---|---|
| 001 | 5750 | ||
| 003 | ES-MaCES | ||
| 005 | 20141221121811.0 | ||
| 008 | 970630s1997 sp ||| | spa d | ||
| 017 |
_aM. 4.127-1997 _bDL |
||
| 020 | _a8478509542 | ||
| 024 | 7 |
_a376-96-034-2 _2nipo |
|
| 035 | _aCES19980057956m | ||
| 040 |
_aES-MaCES _bspa _cES-MaCES |
||
| 111 | 2 |
_aSeminario europeo "Vivienda e integración social de los inmigrantes" _d1995 _cBarcelona _9234 |
|
| 245 | 1 | 0 |
_aVivienda e integración social de los inmigrantes _b: Seminario europeo [celebrado en Barcelona el 23-25 de octubre de 1995] _cdirección y coordinación, Jesús Leal y Carolina Mayeur |
| 250 | _a1ª ed. española | ||
| 260 |
_aMadrid _bMinisterio de Trabajo y Asuntos Sociales, Subdirección General de Publicaciones _cD.L. 1997 |
||
| 300 |
_aXXV, 140 p. _c24 cm |
||
| 490 | 1 |
_aEstudios _v31 |
|
| 504 | _aBibliografía | ||
| 541 | _cGratuito | ||
| 650 | 4 |
_ainmigración _928632 |
|
| 650 | 4 |
_ainmigrante _928631 |
|
| 650 | 4 |
_avivienda _928598 |
|
| 650 | 4 |
_aintegración social _927283 |
|
| 650 | 4 |
_apolítica social _927029 |
|
| 650 | 4 |
_aintervención estatal _929380 |
|
| 650 | 4 |
_apaís de acogida _929799 |
|
| 650 | 4 |
_aEspaña _926964 |
|
| 650 | 4 |
_aEuropa _926940 |
|
| 653 | 1 | 0 | _aAsuntos Sociales |
| 700 | 1 |
_aLeal Maldonado, Jesús _edir. _916331 |
|
| 700 | 1 |
_aMayeur, Carolina _edir. _ecoord. _918203 |
|
| 710 | 1 |
_aEspaña _bMinisterio de Trabajo y Asuntos Sociales _eed. _93273 |
|
| 830 | 0 |
_aEstudios (España. Ministerio de Trabajo y Asuntos Sociales) _v31 _932807 |
|
| 902 | _aLIB Libro | ||
| 942 |
_2CES _cBK _h3.3. |
||
| 999 |
_c5750 _d5750 |
||